Quizzes
Events
Quiz Creation
Community
Videos
Private Events
Remove Ads
Sign In
Join for FREE
Feedback
Dark Mode
Quiz Categories
Sports
Geography
Music
Movies
Television
Just For Fun
Miscellaneous
History
Literature
Language
Science
Gaming
Entertainment
Religion
Holiday
For Kids
Quiz Lab
Recent
Popular Today
Quiz Kudos Today
Editor Picks
Curator Picks
Quizzes by...
Day
Popularity
Type
Ratings
Length
Year
Community
Subscriptions
Recent Discussions
Orange Saloon
Badges
Playlists
Quests
Create
Leaderboards
Showdown
Live 5
Trivia Bingo
Activity
Puzzle Library
Sporcle Events
Private Events
Virtual Trivia
Globe League
Become a Host
Pub Owners
SporcleCon
Opinionation
Our Games
Videos
Blog
Mobile Apps
Partnerships
Remove Ads and Go Orange
Feedback
Sports
Athletes
MLB
NBA
NHL
NFL
Soccer
Sports Teams
WWE
NCAA
Football
Premier League
Basketball
Baseball
Hockey
Golf
Tennis
Cricket
Rugby
Auto Racing
Olympics
World Cup
Sports
Athletes
MLB
NBA
NHL
NFL
Soccer
Sports Teams
WWE
NCAA
Football
Premier League
Basketball
Baseball
Hockey
Golf
Tennis
Cricket
Rugby
Auto Racing
Olympics
World Cup
Random Quiz
Search Sporcle
×
Quiz Lab
Quiz Lab
Sports
MLB
Type in answers that appear in a list
Type in answers that appear in a list
Classic
Best Score? Go Orange.
MLB All Star starters, 2000's Stats
Can you name the MLB All Star Game starters from 2000 to 2009?
By
ChemicalToilet
10m
188 Questions
2,052 Plays
2,052 Plays
2,052 Plays
Comments
Comments
Give Quiz Kudos
Give Quiz Kudos
-
- Ratings
hide this ad
Replay
Link that replays current quiz
Next Quiz
Link to next quiz in quiz playlist
You Got
0%
They Got
Avg Score
65%
Avg Friend Score
Upgrade to see
Score Distribution
Jump to the score distribution portion of the page
Score
0/188
Timer
10:00
1
Play Today
Year
Player
% Correct
2008 AL
Alex Rodriguez
96.8%
2007 AL
Alex Rodriguez
96.8%
2006 AL
Alex Rodriguez
96.8%
2005 AL
Alex Rodriguez
96.8%
2004 AL
Alex Rodriguez
96.8%
2003 AL
Alex Rodriguez
96.8%
2002 AL
Alex Rodriguez
96.8%
2001 AL
Alex Rodriguez
96.8%
2009 AL
Derek Jeter
95.5%
2008 AL
Derek Jeter
95.5%
2007 AL
Derek Jeter
95.5%
2006 AL
Derek Jeter
95.5%
2004 AL
Derek Jeter
95.5%
2000 AL
Derek Jeter
95.5%
2009 NL
Albert Pujols
90.3%
2008 NL
Albert Pujols
90.3%
2006 NL
Albert Pujols
90.3%
2005 NL
Albert Pujols
90.3%
2004 NL
Albert Pujols
90.3%
2003 NL
Albert Pujols
90.3%
2007 AL
Ivan Rodriguez
89.1%
2006 AL
Ivan Rodriguez
89.1%
2004 AL
Ivan Rodriguez
89.1%
2001 AL
Ivan Rodriguez
89.1%
2000 AL
Ivan Rodriguez
89.1%
2008 AL
Manny Ramirez
88.7%
2005 AL
Manny Ramirez
88.7%
2004 AL
Manny Ramirez
88.7%
2002 AL
Manny Ramirez
88.7%
2001 AL
Manny Ramirez
88.7%
2009 NL
Hanley Ramirez
88.1%
2008 NL
Hanley Ramirez
88.1%
2005 NL
Aramis Ramirez
87.9%
2007 NL
Barry Bonds
86%
2004 NL
Barry Bonds
86%
2003 NL
Barry Bonds
86%
2002 NL
Barry Bonds
86%
2001 NL
Barry Bonds
86%
2007 AL
David Ortiz
85.5%
2006 AL
David Ortiz
85.5%
2005 AL
David Ortiz
85.5%
2007 NL
Russell Martin
84.3%
2003 AL
Edgar Martinez
83%
2001 AL
Edgar Martinez
83%
2001 NL
Randy Johnson
81.6%
2000 NL
Randy Johnson
81.6%
2008 NL
Chipper Jones
81.5%
2001 NL
Chipper Jones
81.5%
2000 NL
Chipper Jones
81.5%
2009 AL
Joe Mauer
80.1%
2008 AL
Joe Mauer
80.1%
2005 NL
Mike Piazza
78.9%
2004 NL
Mike Piazza
78.9%
2002 NL
Mike Piazza
78.9%
2001 NL
Mike Piazza
78.9%
2009 AL
Ichiro Suzuki
78.4%
2008 AL
Ichiro Suzuki
78.4%
2007 AL
Ichiro Suzuki
78.4%
2006 AL
Ichiro Suzuki
78.4%
2004 AL
Ichiro Suzuki
78.4%
2003 AL
Ichiro Suzuki
78.4%
2002 AL
Ichiro Suzuki
78.4%
2001 AL
Ichiro Suzuki
78.4%
Year
Player
% Correct
2008 AL
Cliff Lee
78.1%
2007 NL
Ken Griffey Jr.
77.8%
2005 NL
Derrek Lee
77.8%
2009 NL
Chase Utley
77.5%
2008 NL
Chase Utley
77.5%
2007 NL
Chase Utley
77.5%
2006 NL
Chase Utley
77.5%
2004 NL
Sammy Sosa
76.6%
2002 NL
Sammy Sosa
76.6%
2001 NL
Sammy Sosa
76.6%
2000 NL
Sammy Sosa
76.6%
2003 AL
Jorge Posada
76.3%
2002 AL
Jorge Posada
76.3%
2001 NL
Luis Gonzalez
75.4%
2001 AL
Juan Gonzalez
75.2%
2002 NL
Jimmy Rollins
73.2%
2004 AL
Jason Giambi
71.5%
2002 AL
Jason Giambi
71.5%
2000 AL
Jason Giambi
71.5%
2009 AL
Mark Teixeira
71%
2005 AL
Mark Teixeira
71%
2009 NL
David Wright
70.8%
2007 NL
David Wright
70.8%
2006 NL
David Wright
70.8%
2004 NL
Roger Clemens
70.4%
2001 AL
Roger Clemens
70.4%
2009 NL
Yadier Molina
70.1%
2007 AL
Vladimir Guerrero
70.1%
2006 AL
Vladimir Guerrero
70.1%
2005 AL
Vladimir Guerrero
70.1%
2004 AL
Vladimir Guerrero
70.1%
2002 NL
Vladimir Guerrero
70.1%
2000 NL
Vladimir Guerrero
70.1%
2009 AL
Roy Halladay
68.4%
2008 AL
Dustin Pedroia
68.2%
2007 NL
Prince Fielder
68.1%
2007 NL
Carlos Beltran
67.6%
2006 NL
Carlos Beltran
67.6%
2005 NL
Carlos Beltran
67.6%
2003 NL
Todd Helton
67.4%
2002 NL
Todd Helton
67.4%
2001 NL
Todd Helton
67.4%
2005 AL
Miguel Tejada
65.2%
2006 NL
Alfonso Soriano
64%
2004 AL
Alfonso Soriano
64%
2003 AL
Alfonso Soriano
64%
2002 AL
Alfonso Soriano
64%
2002 NL
Curt Schilling
63.7%
2000 AL
Bernie Williams
63.6%
2005 NL
Jeff Kent
63.5%
2004 NL
Jeff Kent
63.5%
2001 NL
Jeff Kent
63.5%
2000 NL
Jeff Kent
63.5%
2001 AL
Cal Ripken Jr.
62.7%
2008 NL
Lance Berkman
62.4%
2004 NL
Lance Berkman
62.4%
2003 AL
Carlos Delgado
62%
2007 NL
Jose Reyes
61.5%
2004 NL
Scott Rolen
60.8%
2003 NL
Scott Rolen
60.8%
2002 NL
Scott Rolen
60.8%
2001 NL
Larry Walker
60.4%
2009 NL
Ryan Braun
59.7%
Year
Player
% Correct
2008 NL
Ryan Braun
59.7%
2009 AL
Josh Hamilton
58.7%
2008 AL
Josh Hamilton
58.7%
2005 NL
Jim Edmonds
57.6%
2003 NL
Jim Edmonds
57.6%
2000 NL
Jim Edmonds
57.6%
2002 AL
Torii Hunter
56.5%
2005 AL
Johnny Damon
56%
2009 AL
Michael Young
55.9%
2005 AL
Jason Varitek
54.9%
2003 NL
Gary Sheffield
54.4%
2000 AL
David Wells
52.6%
2006 AL
Vernon Wells
52.5%
2008 NL
Matt Holliday
50.9%
2009 NL
Tim Lincecum
50.6%
2009 AL
Jason Bay
49.2%
2006 NL
Jason Bay
49.2%
2003 AL
Troy Glaus
49.1%
2003 AL
Garrett Anderson
48.7%
2007 AL
Magglio Ordonez
48.6%
2002 AL
Derek Lowe
47.9%
2000 AL
Roberto Alomar
47.5%
2003 NL
Javy Lopez
47.1%
2005 NL
Chris Carpenter
46.7%
2000 AL
Jermaine Dye
45.7%
2008 AL
Kevin Youkilis
44.6%
2001 AL
Bret Boone
43.8%
2005 NL
Bobby Abreu
43.2%
2006 NL
Edgar Renteria
43.1%
2004 NL
Edgar Renteria
43.1%
2003 NL
Edgar Renteria
43.1%
2003 AL
Hideki Matsui
40.1%
2000 NL
Jason Kendall
38.2%
2000 NL
Barry Larkin
38%
2009 AL
Aaron Hill
37.6%
2005 AL
Brian Roberts
36.2%
2009 NL
Shane Victorino
35.6%
2008 NL
Geovany Soto
35.4%
2007 NL
Jake Peavy
35.3%
2009 NL
Raul Ibanez
34.2%
2004 AL
Mark Mulder
34%
2005 NL
David Eckstein
31%
2006 NL
Paul LoDuca
30.9%
2007 AL
Placido Polanco
29.7%
2001 AL
John Olerud
28.9%
2005 AL
Mark Buehrle
28%
2000 NL
Andres Galarraga
27.7%
2008 NL
Ben Sheets
24.6%
2003 NL
Jason Schmidt
24.4%
2003 NL
Jose Vidro
24.2%
2002 NL
Jose Vidro
24.2%
2001 NL
Rich Aurilia
24.1%
2007 AL
Dan Haren
24%
2006 NL
Brad Penny
23.7%
2006 AL
Kenny Rogers
21.5%
2008 NL
Kosuke Fukudome
21.3%
2008 AL
Milton Bradley
19.4%
2006 AL
Mark Loretta
18.1%
2003 AL
Esteban Loaiza
18.1%
2002 AL
Shea Hillenbrand
15.9%
2000 AL
Travis Fryman
15.3%
2000 AL
Carl Everett
14.9%
Quiz Playlist
Details
Report
Send in Message
Add To Playlist
Classic:
Type in answers that appear in a list
Quiz Source
Last Updated: Jul 17, 2017
Quiz Scoreboard
CHALLENGE
Sign Up to Join the Scoreboard
Show All
Scores
Hide
Comments
May contain spoilers
Recently Published
Billboard Blitz: Fleetwood Mac
by CooCooCachoo
Music
15s
Presidents Visiting Landmarks
by Hejman
History
7m
An Introduction to Baseball
by treessimontrees
Sports
5m
More to Explore
Quiz From the Vault
Featured Blog Post
Where Did the Easter Bunny Come From?
hide this ad
You Might Also Like...
Tags
Baseball Quiz
MLB Quiz
2000
2009
All-Star
Player
pos
star
Starter
Today's Top Quizzes in Sports
Browse Sports
hide this ad
Today's Top Quizzes in MLB
Browse MLB
Top Contributed Quizzes in Sports
1
Les meilleurs buteurs des matchs entre le PSG et l’OM
2
2022 World Cup Stars
3
FIFA Club World Cup Champions
4
Les entraîneurs de l'OM et du PSG au 21e siècle
5
Criteria MLB: Left Handed Sluggers
6
AFC Teams Reveal (Wrong Answers Minefield)
7
5-to-1: UK Sports Teams
8
Name the Premier League winners with different clubs
9
5-to-1: FBS Animal Nicknames
10
Players with Multiple 50 Home Run Seasons
Explore More
Trending Topics
Kpop
NBA
Harry Potter
Anime
Disney
Crossword
Marvel
Puzzle
Song
NFL
The Office
WWE
Soccer
Pokémon
Country
hide this ad
More By:
ChemicalToilet
Quiz
Plays
Rating
Category
Featured
Created
Teams of Deion Sanders
102,361
4.08
Sports
Oct 18, 2009
MLB All-Stars (1990s)
64,494
4.48
Sports
Dec 2, 2009
MLB All Stars - 80's
8,024
4.66
Sports
Dec 4, 2009
Jumping The Shark
2,158
4.14
Television
Nov 18, 2009
MLB All Star starters, 2000's
2,052
4.33
Sports
Nov 19, 2009
Go to Creator's Profile
Score Distribution
Quiz Creator Spotlight
ChemicalToilet
Follow
Send a Message
Quizzes Created
-
Created Quiz Play Count
-
More By This Creator
Popular Quizzes Today
1
Find the US States - No Outlines Minefield
2
Find the Countries of Europe - No Outlines Minefield
3
The Countries of the World
4
Find the US States
5
Risky Map Clicking: Biggest States A-Z
6
US States
7
Popular People in 1961
8
Movies - When Are They Set?
More Sports Quizzes
NFL 1000+ Yd Receivers in the 2010s
Published
Trending Quizzes
Risky Map Clicking: Least Populous States A-Z
1-10 Letter G Words
1-10 Letter F Words
Risky Map Clicking: Next State Alphabetically
Risky Map Clicking: Biggest States A-Z
Recently Updated
Leaping Animals
pecheneg
Reality TV Shows (A-Z)
bhenderson79
Rickey Henderson's Hall of Fame Teammates
pecheneg
Champions League XIs: Arsenal
pecheneg
Quick Pick: Celebrities in WWE's Hall of Fame
aduchscher
A-Z Keypad Blitz II
pecheneg
Multiple Oscar Actors
pecheneg
Mystery Phrase Blitz: Oscar 'Best Actors'
pecheneg
F. Scott Fitzgerald Novels
LTH
Pick 3 Villains
ddd62291
Trending Topics
Disney
Harry Potter
NBA
Crossword
Marvel
Kpop
Anime
NFL
WWE
Pokémon
Song
Puzzle
Soccer
The Office
Country
Your Account Isn't Verified!
In order to create a playlist on Sporcle, you need to verify the email address you used during registration. Go to your
Sporcle Settings
to finish the process.
Report this User
Report this user for behavior that violates our
Community Guidelines
.
Details:
Send Report
Go to the Sporcle.com Mobile Site →
Comments